000 00772nam a2200277 i 4500
001 C2-0123754
003 PPAK
005 20180727114559.0
008 970903s1994 my a|||| ||||| | may d
020 _a9677401483
040 _aPPAK
_beng
_cPPAK
_erda
082 0 4 _a428.6
_223
090 0 0 _a428.6
_bNUR
_dK
100 0 _aNurul Rina,
_eauthor
245 1 0 _aBurung Mahabudi
264 1 _aPetaling Jaya, Selangor :
_bMika Enterprise ,
_c1994
300 _a24 pages :
_billustrations ;
_c21 cm
336 _2rdacontent
_atext
337 _2rdamedia
_aunmediated
338 _2rdacarrier
_avolume
490 1 _aSiri bacaan mekar
500 _aBahan bacaan untuk program Nilam
650 1 0 _aBahasa Melayu - Readers
830 0 _aSiri bacaan mekar
942 _ddc
_cB
999 _c36220
_d36220